| 000 | 006260000a22001930004500 | ||
|---|---|---|---|
| 090 |
_aAR _b01205 |
||
| 245 | 1 | 0 | _aCaso de hiperdoncia en Choeroniscus minor (<Chiroptera-Phyllostomatidae>) |
| 650 | 1 | 4 |
_aAnatomía animal _993635 |
| 650 | 1 | 4 |
_aMurciélagos _92659 |
| 650 | 1 | 4 |
_aHiperdoncia _994474 |
| 650 | 1 | 4 |
_aGenética _992806 |
| 651 | 4 |
_dAmazonas _pVenezuela _992749 |
|
| 653 |
_fPhyllostomatidae _gChoeroniscus _eChoeroniscus |
||
| 041 | 0 | _aEspañol | |
| 700 | 1 |
_aFernández Badillo, Alberto _994475 |
|
| 100 | 1 |
_aOchoa G., José _912291 |
|
| 942 | _cARTICULO | ||
| 773 | 1 |
_tActa Científica Venezolana _3254 _h33 _q428-430 _d1982 |
|
| 999 |
_c10291 _d10291 |
||